| 000 | 00445nam a2200193Ia 4500 | ||
|---|---|---|---|
| 003 | 0100 | ||
| 008 | 130227s9999 xx 000 0 und d | ||
| 040 | _cARRUPELIB | ||
| 050 | _aJC251.D47 1927 | ||
| 100 | _aDewey, John | ||
| 245 | 4 | _aThe public and its problems | |
| 260 | _aDenver | ||
| 260 | _bAlan Swallow | ||
| 260 | _C1927 | ||
| 300 | _avi | ||
| 300 | _b 224p. 19cm. | ||
| 650 | _bUnited States - Supreme Court | ||
| 942 |
_2lcc _05 |
||
| 999 |
_c4402 _d4402 |
||